00709nam a2200217Ia 4500003000900000008004100009020001800050040001600068080001700084100002200101245005800123260003900181300001600220490006300236650002500299650002700324650001900351942000700370999001500377952009900392IN-BaIIA211028s9999 xx 000 0 eng d a0-486-60115-3 cIIA Library a535.338bHER aHerzberg, Gerhard 0aAtomic spectra and atomic structurecGerhard Herzberg aNew YorkbDover Publicationsc1944 axiii, 287p. aDover books on chemistry, physical chemistry, biochemistry aAtomic spectra91533 aAtomic structure91534 aNASA thesaurus cBK c4545d4545 00104070aBANbBANcGENd1974-10-09l0o535.338/ HERp5072r2021-11-05w1974-10-09yBK 2.50